000 00794nam a2200277Ia 4500
005 20250425161907.0
008 250425s9999 xx 000 0 und d
041 _aspa
043 _amx
082 _a658.5
100 _aHOPEMAN, RICHARD J.
245 0 _aBIBLIOTECA DE ADMINISTRACION DE LA PRODUCCION
250 _aS.E.
260 _aMéxico
_bCIA. EDITORIAL CONTINENTAL, S.A.
_c1971
260 _aS.L.
300 _a699
500 _aTítulo Traducido: PRODUCTION-CONCEPTS ANALYSIS CONTROL
500 _aTOMO 3
650 _aADMINISTRACION DE LA PRODUCCION
650 _aPRODUCCION-ADMINISTRACION
650 _aPRODUCCION-CONTROL
700 _aALFONSO VASSEUR WALLS
_etraductor
710 _aEDITORIAL CONTINENTAL, S.A. DE C.V., MEXICO
942 _c01
010 _a34065
999 _c218299
_d218299